Top 100 best european clubs top goal scorer of all time - Statistics

General Stats
  • This quiz has been taken 75 times
  • The average score is 17 of 100
Answer Stats
Nation Club Answer % Correct
Portugal Real Madrid Cristiano Ronaldo
100%
Argentina Barcelona Lionel Messi
100%
Germany Bayern München Gerd Müller
84%
Italy Juventus Alessandro Del Piero
83%
France Arsenal Thierry Henry
79%
England Manchester United Wayne Rooney
78%
Netherlands Ajax Johan Cruyff
76%
Benfica Portugal Eusébio
72%
France Atlético Madrid Antoine Griezmann
69%
Wales Liverpool Ian Rush
66%
Italy Roma Francesco Totti
59%
England Chelsea Frank Lampard
55%
England Tottenham Hotspurs Harry Kane
55%
France Paris Saint-Germain Kylian Mbappe
55%
Hungary Budapest Honvéd Ferenc Puskás
52%
Argentina Manchester City Sergio Agüero
48%
Belgium Napoli Dries Mertens
47%
Italy Inter Milan Giuseppe Meazza
41%
Italy Lazio Ciro Immobile
33%
Argentina/Sweden(2 player) Fiorentina Gabriel Batistuta/Kurt Hamrin
33%
Sweden AC Milan Gunnar Nordahl
29%
Argentina Parma Hernán Crespo
26%
Portugal Porto Fernando Gomes
17%
Spain Villareal Gerard Moreno
17%
Italy Cagliari Luigi Riva
17%
Germany Hamburger SV Uwe Seeler
14%
Spain Valencia Edmundo Suárez
12%
Germany Borussia Mönchengladbach Jupp Heynckes
12%
Germany Schalke Klaus Fischer
12%
Germany Bayer Leverkusen Ulf Kirsten
12%
England Everton DIxie Dean
10%
Sweden Olympique Marseille Gunnar Andersson
10%
France Stade Reims Just Fontaine
10%
Ukraine Dynamo Kiev Oleg Blokhin
10%
Scotland Rangers Ally McCoist
9%
Portugal Sporting Lisbon Fernando Peyroteo
9%
Mali Sevilla Frédéric Kanouté
9%
Italy Sampdoria Roberto Mancini
9%
Czech Republic Slavia Prague Josef Bican
7%
Poland Panathinaikos Krzysztof Warzycha
7%
Belgium Anderlecht Paul van Himst
7%
Argentina AS Monaco Delio Onnis
5%
England West Ham United Geoff Hurst
5%
Belgium Club Brugge Jan Ceulemans
5%
Poland Legia Warszawa Lucjan Brychczy
5%
Germany Nürnberg Max Morlock
5%
Germany 1.FC Kaiserslautern Ottmar Walter
5%
Sweden Feyenoord Ove Kindvall
5%
Spain Atheltic Bilbao Telmo Zarra
5%
England Leicester City Arthur Chandler
3%
England Aston Villa Billy Walker
3%
Scotland Celtic Jimmy McGrory
3%
Austria Austria Wien Matthias Sindelar
3%
Turkey Galatasaray Metin Oktay
3%
Italy Torino Paolo Pulici
3%
Spain Real Betis Rubén Castro
3%
Netherlands PSV Eidhoven Willy van der kuijlen
3%
France Girondins de Bordeaux Alain Giresse
2%
Germany Borussia Dortmund Alfred Preißler
2%
England Sunderland Bobby Gurney
2%
Serbia Red Star Belgrade Bora Kostić
2%
Italy Atalanta Cristiano Doni
2%
Switzerland Young Boys Eugen Meier
2%
Turkey Besiktas JK Feyyaz Uçar
2%
Sweden IFK Göteborg Filip Johansson
2%
France Olympique Lyon Fleury Di Nallo
2%
Croatia Hajduk Split Frane Matošić
2%
Wales Fulham Gordon Davies
2%
Hungary Ferencvárosi TC György Sárosi
2%
Sweden Malmö FF Hans Håkansson
2%
France Saint-Étienne Hervé Revelli
2%
Germany Eintracht Frankfurt Karl Ehmer
2%
Switzerland FC Basel Marco Streller
2%
England Southampton Mick Channon
2%
Germany Wolfsburg Olaf Ansorge
2%
Sweden AIK Per Kaufeldt
2%
Italy Bologna Schiavio
2%
Luxembrg OGC Nice Vic Nurenberg
2%
France Losc Lille André Strappe
0%
Romania Steaua Bucureşti Anghel Iordănescu
0%
Germany Werder Bremen Arnold Schütz
0%
France Stade Rennais FC Daniel Rodighiero
0%
Czech Republic Spartha Prague David Lafata
0%
Greece AEK Athens Demis Nikolaidis
0%
Italy Genoa Edouardo Catto
0%
Germany Hertha Berlin Erich Beer
0%
Croatia Dinamo Zagreb Franjo Wölfl
0%
Austria Rapid Wien Franz Binder
0%
Greece Olympiacos Giorgos Sideris
0%
Wales Nottingham Forest Grenville Morris
0%
Russia CSKA Moscow Grigoriy Fedotov
0%
Germany 1.FC Köln Hans Schäfer
0%
Sweden IFK Norrköping Harry Bild
0%
Spain Real Sociedad Jesús María Satrústegui
0%
Germany VFB Stuttgart Karl Allgöwer
0%
Turkey Fenerbahçe Lefter Küçükandonyadis
0%
Armenia/Russia Spartak Moscow Nikita Simonyan
0%
Scotlan Leeds United Peter Lorimer
0%
France Nantes Phillipe Gondet
0%
Russia Dynamo Moscow Solojev
0%
No matching quizzes found
Score Distribution
Percent of People with Each Score
Percentile by Number Answered
Your Score History
You have not taken this quiz